000 01154nam a2200229Ia 4500
999 _c44004
_d44004
001 10754
003 GE_BSU
005 20250306114235.0
008 181216s2012||||ge |||||||||||||| ||geo||
020 _a9789941106392
040 _cGE_BSU
041 _ageo
080 _a617-089(075.8) გ-82
100 _aგრიგოლია,ნოდარ
_924469
245 _aქირურგიული დაავადებები :
_bსახელმძღვანელო სამედიცინო უნივერსიტეტის სტუდენტებისა და ახალგაზრდა ექიმებისათვის /
_c ნოდარ გრიგოლია ; რედ. გიორგი გიორგობიანი.
264 _aთბილისი :
_bმერიდიანი,
_c2012
300 _a550 გვ;
_b20 სმ.
_cილ.
653 _aქირურგიული დაავადებები.
653 _aმედიცინა
700 _a გიორგობიანი, გიორგი
_eრედაქტორი
_924470
942 _cBK
_2udc